Statistiques concernant Culture Générale - Série 695

Cliquez ici pour prendre le quiz!

Statistiques générales

  • Ce quiz a été pris 61 fois
  • Le résultat moyen est 7 sur 10

Statistiques - réponses

QuestionRéponse% Correct
Quel mot désigne à la fois une pièce du jeu d'échec et un surveillant dans un lycée ?pion
100%
Complétez ce titre d'un roman d'Ian Fleming : "On ne vit que deux...fois
98%
Dans quel pays peut-on visiter la Cité interdite ?Chine
90%
En Angleterre, quel liquide ajoute-t-on au thé avant de vous servir un "white tea" ?lait
90%
Quel mot désigne à la fois un appareil orthopédique qui sert à maintenir la tête en bonne position et une déesse romaine ?Minerve
73%
Dans la mythologie grecque, quel dieu est associé à la vigne et au vin ?Dionysos
68%
En 1972, Michel Fugain et son Big Bazar sortaient un tube intitulé : "Une belle...histoire
64%
En 1745, lors de la bataille de Fontenoy, la phrase historique prononcée par un officier français était : "Messieurs les Anglais,...tirez les premiers
51%
Quel nageur américain, cinq fois champion olympique dans les années 20, a incarné Tarzan au cinéma ?Johnny Weissmuller
46%
Complétez le titre du roman d'Emile Zola "Le Docteur ...Pascal
5%

Distribution des résultats

Percentile par nombre de réponses

% des personnes avec chaque résultat

Votre développement - résultats

Vous n’avez pas pris ce quiz